| 000 | 01098nam0a22002531 4500 | ||
|---|---|---|---|
| 001 | rc\2896877 | ||
| 005 | 20110727202805.0 | ||
| 035 | _a(NLR Aleph) 007048530 | ||
| 090 |
_a6167503 _c6167503 |
||
| 100 | _a20110727d1932 |||y0rusy50 ca | ||
| 101 | 0 | _arus | |
| 102 | _aRU | ||
| 105 | _aa z ||||| | ||
| 200 | 1 |
_aВопросы социалистического учета _eПредисл. вступ. слово Г.А. Подварков. Доклад и заключительное слово С.М. Гуревич. Выступления _fУпр. уполномоченного ЦУНХУ СССР в Средней Азии |
|
| 210 |
_aТашкент _cУпол ЦУНХ учета СССР в Ср. Азии _d1932 |
||
| 215 |
_a67 с., [3] л. граф. _cграф. |
||
| 702 | 1 |
_aПодварков _bГ. А. _4570 |
|
| 702 | 1 |
_aГуревич _bС. М. _4570 |
|
| 710 | 0 | 2 | _aУправление уполномоченного ЦУНХУ СССР в Средней Азии |
| 801 | 0 |
_aRU _bNLR _gpsbo |
|
| 801 | 1 |
_aRU _bELAR _2rusmarc |
|
| 852 |
_aNLR _j33-10/894 |
||
| 942 | _cBOOK | ||
| 980 | _aNB | ||